Code of civil procedure 1908 Ed 31 (Record no. 241340)
[ view plain ]
| 000 -LEADER | |
|---|---|
| fixed length control field | 01214nam a22002777a 4500 |
| 005 - DATE AND TIME OF LATEST TRANSACTION | |
| control field | 20260423165740.0 |
| 008 - FIXED-LENGTH DATA ELEMENTS--GENERAL INFORMATION | |
| fixed length control field | 260423b |||||||| |||| 00| 0 eng d |
| 020 ## - INTERNATIONAL STANDARD BOOK NUMBER | |
| International Standard Book Number | 9789348002150 |
| 040 ## - CATALOGING SOURCE | |
| Transcribing agency | AL |
| 041 ## - LANGUAGE CODE | |
| Language code of text/sound track or separate title | eng |
| 082 ## - DEWEY DECIMAL CLASSIFICATION NUMBER | |
| Classification number | 347 |
| Item number | TANC |
| 100 ## - MAIN ENTRY--PERSONAL NAME | |
| Personal name | Tandon M P |
| 100 ## - MAIN ENTRY--PERSONAL NAME | |
| 9 (RLIN) | 262530 |
| 245 ## - TITLE STATEMENT | |
| Title | Code of civil procedure 1908 Ed 31 |
| 250 ## - EDITION STATEMENT | |
| Edition statement | 31 |
| 260 ## - PUBLICATION, DISTRIBUTION, ETC. | |
| Place of publication, distribution, etc. | Haryana |
| Name of publisher, distributor, etc. | Allahabad Law Agency |
| Date of publication, distribution, etc. | 2025 |
| 300 ## - PHYSICAL DESCRIPTION | |
| Extent | lxviii,888p |
| Other physical details | PB |
| Dimensions | 24x16cm |
| 365 ## - TRADE PRICE | |
| Source of price type code | Law |
| Price type code | 1343 |
| Price amount | ₹723.75 |
| Currency code | ₹ |
| Unit of pricing | ₹965.00 |
| Price note | 25% |
| 520 ## - SUMMARY, ETC. | |
| Summary, etc. | Code of Civil Procedure, 1908 by M.P. Tandon & S.K. Raghuvanshi, published by Allahabad Law Agency, is a comprehensive and authoritative guide for LLB & LLM students, Judiciary aspirants, advocates, and competitive exam candidates. This book provides detailed coverage of the Civil Procedure Code (CPC), procedural stages of civil litigation, and judicial interpretations, making it ideal... |
| 650 ## - SUBJECT ADDED ENTRY--TOPICAL TERM | |
| Topical term or geographic name entry element | Jurisdiction of the Courts |
| 9 (RLIN) | 262521 |
| 650 ## - SUBJECT ADDED ENTRY--TOPICAL TERM | |
| Topical term or geographic name entry element | Res Sub Judice and Res Judicata |
| 9 (RLIN) | 262522 |
| 650 ## - SUBJECT ADDED ENTRY--TOPICAL TERM | |
| Topical term or geographic name entry element | Supplemental Proceedings |
| 9 (RLIN) | 262523 |
| 650 ## - SUBJECT ADDED ENTRY--TOPICAL TERM | |
| Topical term or geographic name entry element | Restitution |
| 9 (RLIN) | 262524 |
| 650 ## - SUBJECT ADDED ENTRY--TOPICAL TERM | |
| Topical term or geographic name entry element | Civil Proceduce Amendment Act 2002 |
| 9 (RLIN) | 262527 |
| 700 ## - ADDED ENTRY--PERSONAL NAME | |
| Personal name | Raghuvanshi, S K |
| 9 (RLIN) | 262525 |
| 942 ## - ADDED ENTRY ELEMENTS (KOHA) | |
| Source of classification or shelving scheme | Dewey Decimal Classification |
| Koha item type | Book |
| Withdrawn status | Lost status | Source of classification or shelving scheme | Damaged status | Not for loan | Collection code | Home library | Current library | Date acquired | Source of acquisition | Cost, normal purchase price | Total Checkouts | Full call number | Barcode | Date last seen | Cost, replacement price | Price effective from | Koha item type | Date due | Date last checked out |
|---|---|---|---|---|---|---|---|---|---|---|---|---|---|---|---|---|---|---|---|
| Dewey Decimal Classification | Law | St Aloysius Law Library | St Aloysius Law Library | 04/16/2026 | MPP House Bengaluru-560009 | 723.75 | 347 TANC | LL002568 | 04/23/2026 | 965.00 | 03/14/2026 | Book | |||||||
| Dewey Decimal Classification | Law | St Aloysius Law Library | St Aloysius Law Library | 04/16/2026 | MPP House Bengaluru-560009 | 723.75 | 347 TANC | LL002569 | 04/23/2026 | 965.00 | 03/14/2026 | Book | |||||||
| Dewey Decimal Classification | Law | St Aloysius Law Library | St Aloysius Law Library | 04/16/2026 | MPP House Bengaluru-560009 | 723.75 | 2 | 347 TANC | LL002570 | 07/03/2026 | 965.00 | 03/14/2026 | Book | 07/13/2026 | 07/03/2026 |